| 000 | 00694aas a2200193 4500 | ||
|---|---|---|---|
| 999 |
_c53745 _d53745 |
||
| 001 | 768714001 | ||
| 003 | CO-MdFUSB | ||
| 005 | 20171107155251.0 | ||
| 008 | 170728s1997 xxu||||| |||| 00| 0 eng d | ||
| 022 | _a0098-9444 | ||
| 040 |
_aCO-MdFUSB _bspa _cCO-MdFUSB _dCO-MdFUSB |
||
| 041 | _aspa | ||
| 242 | 1 |
_aLos rollos de Petra : _bla publicación de los papiros es una obligación legal |
|
| 245 | 1 | 0 |
_aPetra the scrolls : _bpublication of papyri a legal obligation |
| 300 |
_aVolumen 23. Número 1 (1997), páginas 64-65 _c: 28 cm. |
||
| 546 | _aTexto en inglés | ||
| 773 | 0 |
_tBiblical Archaeology Review _049395 _959492 _gVolumen 23. Número 1 (1997), páginas 64-65 _qPágina 64 |
|
| 942 | _cANA | ||